| 000 | 00597nam a2200181Ia 4500 | ||
|---|---|---|---|
| 003 | GCL | ||
| 008 | 140319s9999 xx 000 0 ara d | ||
| 040 |
_aGCL / _cGCL |
||
| 082 | 0 | 4 |
_aد _b050 _bم ح |
| 245 | 1 | 0 | _aحصاد الفكر ع 174 اكتوبر 2006 |
| 260 |
_aالقاهرة : _bمركز الاعلام العربى ، _c2006 |
||
| 650 | 0 | 4 | _aالنزاع العربى الاسرائيلى |
| 650 | 0 | 4 | _aالصهيونية |
| 650 | 0 | 4 | _aلبنان - حزب الله |
| 650 | 0 | 4 | _aالتدخل الامريكى - افغانستان |
| 650 | 0 | 4 | _aحسن نصر الله |
| 942 |
_2ddc _cCR |
||
| 999 |
_c8870 _d8870 |
||